Your God is too small (Record no. 6478)

MARC details
000 -LEADER
fixed length control field 00474cam a2200193I 4500
001 - CONTROL NUMBER
control field 2778943
003 - CONTROL NUMBER IDENTIFIER
control field OSt
005 - DATE AND TIME OF LATEST TRANSACTION
control field 20190116204250.0
008 - FIXED-LENGTH DATA ELEMENTS--GENERAL INFORMATION
fixed length control field 770304s1958 nyu 00000 eng u
040 ## - CATALOGING SOURCE
Transcribing agency JNA
Modifying agency OCL
-- BGU
082 ## - DEWEY DECIMAL CLASSIFICATION NUMBER
Classification number 231
Item number P558y
090 ## - LOCALLY ASSIGNED LC-TYPE CALL NUMBER (OCLC); LOCAL CALL NUMBER (RLIN)
Classification number (OCLC) (R) ; Classification number, CALL (RLIN) (NR) BT101
Local cutter number (OCLC) ; Book number/undivided call number, CALL (RLIN) .P48 1955
100 10 - MAIN ENTRY--PERSONAL NAME
Personal name Phillips, J. B.
Fuller form of name (John Bertram),
Dates associated with a name 1906-
245 10 - TITLE STATEMENT
Title Your God is too small
260 0# - PUBLICATION, DISTRIBUTION, ETC.
Place of publication, distribution, etc. New York,
Name of publisher, distributor, etc. Macmillan,
Date of publication, distribution, etc. [1977]
300 ## - PHYSICAL DESCRIPTION
Extent 140 p.
Dimensions 19cm
650 #0 - SUBJECT ADDED ENTRY--TOPICAL TERM
Topical term or geographic name entry element God
942 ## - ADDED ENTRY ELEMENTS (KOHA)
Source of classification or shelving scheme Dewey Decimal Classification
Koha item type Books
Holdings
Withdrawn status Lost status Source of classification or shelving scheme Damaged status Not for loan Collection code Home library Current library Shelving location Date acquired Cost, normal purchase price Total Checkouts Full call number Barcode Date last seen Price effective from Koha item type
    Dewey Decimal Classification     Non-fiction Harvest Mission College Harvest Mission College General Stacks 16.01.2019 120.00   231 P558y 007550 16.01.2019 16.01.2019 Books
    Dewey Decimal Classification     Non-fiction Harvest Mission College Harvest Mission College General Stacks 22.01.2021     231 P558y 010887 22.01.2021 22.01.2021 Books

OPAC Designed and Maintained by HMC Library Team.
Copyright © HMC Library,Greater Noida, UP.
For any Suggestions/Query Contact library via Email:libhmc@gmail.com